000 00487nam a2200181Ia 4500
001 2137
005 20260306143820.0
008 260306t2022||||xx |||||||||||||| ||spa||
041 _aESP
082 _a614.4
_bH44
100 _aHernández-Aguado, Ildefonso,
_eAUT
245 0 _aManual de epidemiología y salud pública para grados en ciencias de la salud
260 _c2022
300 _axxii, 407 páginas :
_c24 cm.
650 _aGEN
654 _aCCS
942 _cLIB
_dJUS
_fJUS
_2ddc
_n
999 _c2137
_d2137